| 000 | 00501nam a22001937a 4500 | ||
|---|---|---|---|
| 003 | 0 | ||
| 005 | 20260116124922.0 | ||
| 008 | 260116b xxu||||| |||| 00| 0 eng d | ||
| 020 | _a978-981-09-3084-4 | ||
| 050 |
_aFIC _bSt1 2015 |
||
| 082 |
_aFIC _bSt1 2015 |
||
| 100 | _aWatson, Jude | ||
| 245 |
_aUnderworld _cJude Watson |
||
| 260 |
_aNew York, NY : _bScholastic Inc., _c2015. |
||
| 300 |
_a137 pages ; _c20 cm. |
||
| 650 | _aStar wasr fiction. | ||
| 650 | _aJuvenile fiction. | ||
| 942 |
_2ddc _cBK |
||
| 999 |
_c368720 _d368720 |
||